000 00478nmm a2200157Ia 4500
008 251105s9999||||xx |||||||||||||||||und||
020 _a9789587841817
041 _aspa
100 _aGonzález-Moreno, Claudia Ximena
245 0 _aLas misteriosas aventuras de Pac
264 _a[Bogotá, Colombia] :
_bUniversidad del Rosario,
_c2019
300 _a80 páginas
650 _aLatin American narrative
856 _uhttps://public.digitaliapublishing.com/a/61007
942 _cCF
999 _c96383
_d96383